| 000 | 00660nam a2200193 a 4500 | ||
|---|---|---|---|
| 005 | 20140412111324.0 | ||
| 008 | 000829s19uu xx 00 eng d | ||
| 020 | _a1-85697-227-5 | ||
| 050 |
_aREF 030 _bW872 1999 |
||
| 100 | _aTaylor, Barbara | ||
| 245 |
_aI wonder why soap makes bubbles : _band other questions about science / _cBarbara Taylor. |
||
| 260 |
_aDanbury, Connecticut : _bGrolier Inc, _c1999. |
||
| 300 | _a32 p. | ||
| 440 | _aI wonder why | ||
| 500 | _aIncludes index | ||
| 520 | _aWith information and quirky facts to explain everything from ' Why do shadows happen?' to 'What makes cakes rise?'. | ||
| 650 | _aScience | ||
| 999 |
_c104539 _d104539 |
||